|
|
|
|
| LEADER |
01509nam a22002897a 4500 |
| 001 |
40680 |
| 003 |
BD-DhAAL |
| 008 |
230119r20182011bg ||||| b||| 00| 0 ben d |
| 020 |
|
|
|a 9789844080089
|
| 040 |
|
|
|a BD-DhAAL
|c BD-DhAAL
|
| 041 |
|
|
|a ben
|
| 082 |
|
|
|a 891.44
|2 23
|
| 100 |
|
|
|a ছফা, আহমদ
|
| 245 |
|
|
|a আহমদ ছফা রচনাবলি
|n [উত্তর খণ্ড] /
|b আহমদ ছফা ; সম্পাদক নূরুল আনোয়ার.
|
| 250 |
|
|
|a বর্ধিত সংস্করণ
|
| 260 |
|
|
|a ঢাকা :
|b খান ব্রাদার্স,
|c ২০১১ [তৃতীয় মুদ্রণ ২০১৮].
|
| 300 |
|
|
|a ৪৪৭ পৃষ্ঠা ;
|c ২২ সে.মি.
|
| 362 |
|
|
|a উত্তর খণ্ড
|
| 504 |
|
|
|a গ্রন্থপঞ্জিগত নির্দেশিকা অন্তর্ভুক্ত।
|
| 541 |
|
|
|a Development Book Agency
|e 40680, 40681
|
| 650 |
|
|
|a Bengali essays.
|
| 650 |
|
|
|a Bengali literature.
|
| 852 |
|
|
|a Ayesha Abed Library
|c General Stacks
|
| 942 |
|
|
|2 ddc
|c BK
|
| 999 |
|
|
|c 45335
|d 45335
|
| 952 |
|
|
|0 0
|1 0
|2 ddc
|4 0
|6 891_440000000000000_SOF
|7 0
|9 72760
|a SCL
|b SCL
|c GEN
|d 2023-01-05
|e Development Book Agency
|g 425.00
|l 0
|o 891.44 SOF
|p 3020040680
|r 2023-01-05
|t 1
|v 425.00
|w 2023-01-05
|y BK
|
| 952 |
|
|
|0 0
|1 0
|2 ddc
|4 0
|6 891_440000000000000_SOF
|7 0
|9 72761
|a SCL
|b SCL
|c GEN
|d 2023-01-05
|e Development Book Agency
|g 425.00
|l 1
|m 2
|o 891.44 SOF
|p 3020040681
|r 2023-03-07
|s 2023-02-21
|t 2
|v 425.00
|w 2023-01-05
|y BK
|